[Event "HUN-chT2 Toth 1213"]
[Site "Hungary"]
[Date "2013.04.21"]
[Round "11.2"]
[White "Borsos, Andor"]
[Black "Nagy, Zoltan"]
[Result "0-1"]
[WhiteElo "2141"]
[BlackElo "2063"]
[PlyCount "76"]
[EventDate "2012.09.16"]
[EventType "team-tourn"]
[EventRounds "11"]
[EventCountry "HUN"]
[SourceTitle "EXT 2014"]
[Source "ChessBase"]
[SourceDate "2013.11.20"]
[SourceVersion "1"]
[SourceVersionDate "2013.11.20"]
[SourceQuality "1"]
[WhiteTeam "Roszke II"]
[BlackTeam "Maroczy II"]
[WhiteTeamCountry "HUN"]
[BlackTeamCountry "HUN"]

1. e4 e5 2. Nf3 Nc6 3. Bb5 a6 4. Ba4 Nf6 5. 0-0 Be7 6. d4 exd4 7. Re1 0-0 8. e5 Nd5 9. c3 Nb6 10. Bc2 d6 11. Nxd4 Nxe5 12. Nd2 Re8 13. Nf1 Bf6 14. Ng3 g6 15. f4 Nc6 16. Nxc6 bxc6 17. f5 Bd7 18. Be3 Nc4 19. Bd4 Rxe1+ 20. Qxe1 Bxd4+ 21. cxd4 Qg5 22. fxg6 hxg6 23. Qf2 Qe3 24. b4 Qxf2+ 25. Kxf2 Rb8 26. a3 a5 27. Bd3 Nb2 28. Be2 axb4 29. a4 c5 30. a5 Na4 31. Ne4 Kg7 32. dxc5 dxc5 33. a6 b3 34. Bd3 b2 35. Ra2 b1Q 36. Bxb1 Rxb1 37. a7 Nb6 38. Nd2 Rd1 0-1

[Event "HUN-chT2 Toth 1213"]
[Site "Hungary"]
[Date "2012.12.02"]
[Round "5.2"]
[White "Borsos, Andor"]
[Black "Horvath, Jozsef2222"]
[Result "1-0"]
[WhiteElo "2141"]
[BlackElo "2150"]
[PlyCount "71"]
[EventDate "2012.09.16"]
[EventType "team-tourn"]
[EventRounds "11"]
[EventCountry "HUN"]
[SourceTitle "EXT 2014"]
[Source "ChessBase"]
[SourceDate "2013.11.20"]
[SourceVersion "1"]
[SourceVersionDate "2013.11.20"]
[SourceQuality "1"]
[WhiteTeam "Roszke II"]
[BlackTeam "Takisz"]
[WhiteTeamCountry "HUN"]
[BlackTeamCountry "HUN"]

1. e4 c5 2. Nf3 e6 3. d4 cxd4 4. Nxd4 a6 5. g3 Nc6 6. Bg2 Bc5 7. Nb3 Ba7 8. Bf4 Qf6 9. Nc3 g5 10. Be3 Bxe3 11. fxe3 Nge7 12. Qe2 Ng6 13. 0-0-0 Nge5 14. g4 Qe7 15. Nb1 b5 16. Nd4 Bb7 17. Nd2 Rc8 18. h3 h6 19. N2f3 Nxf3 20. Nxc6 Rxc6 21. Bxf3 e5 22. h4 gxh4 23. Rh2 Rg8 24. Rdh1 Rgg6 25. Kb1 Rc4 26. Rxh4 Bxe4 27. Bxe4 Rxe4 28. Rxh6 Rxh6 29. Rxh6 Qg5 30. Rxa6 Rxg4 31. a3 e4 32. Qd2 Qc5 33. Qh2 Rg6 34. Qh8+ Ke7 35. Qh4+ Kf8 36. Ra8+ 1-0

[Event "HUN-chT2 Toth 1213"]
[Site "Hungary"]
[Date "2012.11.04"]
[Round "3.2"]
[White "Borsos, Andor"]
[Black "Bodrogi, Laszlo"]
[Result "1-0"]
[WhiteElo "2141"]
[BlackElo "2038"]
[PlyCount "77"]
[EventDate "2012.09.16"]
[EventType "team-tourn"]
[EventRounds "11"]
[EventCountry "HUN"]
[SourceTitle "EXT 2014"]
[Source "ChessBase"]
[SourceDate "2013.11.20"]
[SourceVersion "1"]
[SourceVersionDate "2013.11.20"]
[SourceQuality "1"]
[WhiteTeam "Roszke II"]
[BlackTeam "Abony"]
[WhiteTeamCountry "HUN"]
[BlackTeamCountry "HUN"]

1. e4 c5 2. Nf3 Nc6 3. d4 cxd4 4. Nxd4 e6 5. g3 d5 6. Nxc6 bxc6 7. Bg2 Ba6 8. Be3 Nf6 9. e5 Nd7 10. f4 c5 11. c3 Qa5 12. Nd2 Rb8 13. Qc2 Be7 14. b3 0-0 15. c4 d4 16. Bf2 Bb7 17. 0-0 Bxg2 18. Kxg2 Rfd8 19. Ne4 Nf8 20. Be1 Qa3 21. Bd2 Qa6 22. Rf3 Qc6 23. Qd3 f5 24. Nf2 h5 25. h3 g5 26. fxg5 Ng6 27. Qe2 d3 28. Nxd3 Rxd3 29. Qxd3 Rd8 30. Qe2 Nxe5 31. Bf4 Qxf3+ 32. Qxf3 Nxf3 33. Kxf3 Bf8 34. Re1 Kf7 35. h4 Bg7 36. g6+ Kxg6 37. Rxe6+ Kf7 38. Rc6 Rd1 39. Rxc5 1-0

[Event "HUN-chT2 Toth 1112"]
[Site "Hungary"]
[Date "2012.05.20"]
[Round "11.2"]
[White "Lorinczy, Laszlo"]
[Black "Borsos, Andor"]
[Result "0-1"]
[WhiteElo "1950"]
[BlackElo "2148"]
[PlyCount "58"]
[EventDate "2011.09.25"]
[EventType "team-tourn"]
[EventRounds "11"]
[EventCountry "HUN"]
[SourceTitle "EXT 2013"]
[Source "ChessBase"]
[SourceDate "2012.11.22"]
[SourceVersion "1"]
[SourceVersionDate "2012.11.22"]
[SourceQuality "1"]
[WhiteTeam "Abony"]
[BlackTeam "Roszke II"]
[WhiteTeamCountry "HUN"]
[BlackTeamCountry "HUN"]

1. d4 f5 2. c4 Nf6 3. Nc3 g6 4. Nf3 Bg7 5. g3 c6 6. Bg2 d6 7. 0-0 0-0 8. Qc2 Na6 9. a3 Qc7 10. b4 e5 11. e3 e4 12. Ng5 h6 13. Nh3 Be6 14. c5 Qd7 15. Bb2 g5 16. cxd6 Qxd6 17. Kh1 Nc7 18. Rfc1 Qd7 19. Na4 Na6 20. Bf1 f4 21. Nxf4 gxf4 22. gxf4 Qf7 23. Nc5 Nxc5 24. dxc5 Rad8 25. Be5 Qh5 26. Be2 Ng4 27. Bxg4 Bxg4 28. Rg1 Bf3+ 29. Rg2 Bxg2+ 0-1

[Event "HUN-chT2 Toth 1112"]
[Site "Hungary"]
[Date "2012.05.06"]
[Round "10.2"]
[White "Borsos, Andor"]
[Black "Kovacs, Zoltan"]
[Result "1/2-1/2"]
[WhiteElo "2148"]
[BlackElo "2075"]
[PlyCount "44"]
[EventDate "2011.09.25"]
[EventType "team-tourn"]
[EventRounds "11"]
[EventCountry "HUN"]
[SourceTitle "EXT 2013"]
[Source "ChessBase"]
[SourceDate "2012.11.22"]
[SourceVersion "1"]
[SourceVersionDate "2012.11.22"]
[SourceQuality "1"]
[WhiteTeam "Roszke II"]
[BlackTeam "KHTK"]
[WhiteTeamCountry "HUN"]
[BlackTeamCountry "HUN"]

1. e4 e6 2. d4 d5 3. Nc3 Nf6 4. e5 Nfd7 5. f4 c5 6. Nf3 Nc6 7. Be3 cxd4 8. Nxd4 Bc5 9. Qd2 Bxd4 10. Bxd4 Nxd4 11. Qxd4 Qb6 12. 0-0-0 Qxd4 13. Rxd4 a6 14. a4 Ke7 15. a5 Nb8 16. Ra4 Bd7 17. Ra3 Bc6 18. Ne2 Bb5 19. Nd4 Bxf1 20. Rxf1 Nc6 21. Rd1 Rhc8 22. Rdd3 Rab8 1/2-1/2

[Event "HUN-chT2 Toth 0910"]
[Site "Hungary"]
[Date "2010.03.21"]
[Round "8.2"]
[White "Borsos, Andor"]
[Black "Horvath, Jozsef"]
[Result "1-0"]
[WhiteElo "2136"]
[BlackElo "2217"]
[PlyCount "135"]
[EventDate "2009.11.08"]
[EventType "team-tourn"]
[EventRounds "11"]
[EventCountry "HUN"]
[SourceTitle "EXT 2011"]
[Source "ChessBase"]
[SourceDate "2010.11.26"]
[SourceVersion "1"]
[SourceVersionDate "2010.11.26"]
[SourceQuality "1"]
[WhiteTeam "Roszke"]
[BlackTeam "Takisz"]
[WhiteTeamCountry "HUN"]
[BlackTeamCountry "HUN"]

1. e4 c5 2. Nf3 e6 3. d4 cxd4 4. Nxd4 a6 5. g3 b5 6. Bg2 Bb7 7. 0-0 Qc7 8. Be3 Nf6 9. Nd2 Nc6 10. c4 Nxd4 11. Bxd4 e5 12. Be3 b4 13. Qe2 Be7 14. Rfd1 h6 15. f3 0-0 16. Nf1 Rac8 17. b3 Rcd8 18. Rd3 Nh7 19. Bh3 Ng5 20. Bg4 Kh7 21. Rad1 Ne6 22. Bf5+ g6 23. Bxe6 dxe6 24. Rxd8 Rxd8 25. Rxd8 Qxd8 26. Qd2 Qxd2 27. Nxd2 f5 28. Kf2 g5 29. g4 Kg6 30. Bb6 Kf6 31. Ke3 Bc6 32. Kd3 h5 33. h3 h4 34. Kc2 Kf7 35. Kb2 Ke8 36. Bc7 Bc5 37. Bxe5 fxg4 38. fxg4 Be3 39. Kc2 Bxd2 40. Kxd2 Bxe4 41. Bf6 Bg2 42. Bxg5 Bxh3 43. Bxh4 Bxg4 44. Bf2 Bf5 45. Kc1 Kd7 46. Bc5 Kc6 47. Bxb4 Kb6 48. Kd2 a5 49. Bd6 Bb1 50. a3 Kc6 51. Be5 Be4 52. Kc3 Bf3 53. Bf6 Bd1 54. Bd8 a4 55. b4 e5 56. b5+ Kd7 57. Bg5 Kd6 58. Kb4 Bb3 59. Bh4 Bc2 60. Bg3 Bd1 61. c5+ Kd5 62. c6 e4 63. c7 Bg4 64. Kxa4 e3 65. Kb4 Bc8 66. a4 e2 67. a5 e1Q+ 68. Bxe1 1-0

[Event "HUN-chT2 Toth 0910"]
[Site "Hungary"]
[Date "2010.02.14"]
[Round "6.2"]
[White "Borsos, Andor"]
[Black "Rat, Dan Ovidiu"]
[Result "1/2-1/2"]
[WhiteElo "2136"]
[BlackElo "2315"]
[PlyCount "60"]
[EventDate "2009.11.08"]
[EventType "team-tourn"]
[EventRounds "11"]
[EventCountry "HUN"]
[SourceTitle "EXT 2011"]
[Source "ChessBase"]
[SourceDate "2010.11.26"]
[SourceVersion "1"]
[SourceVersionDate "2010.11.26"]
[SourceQuality "1"]
[WhiteTeam "Roszke"]
[BlackTeam "Kisujszallas"]
[WhiteTeamCountry "HUN"]
[BlackTeamCountry "HUN"]

1. e4 g6 2. d4 Bg7 3. Nc3 d6 4. Be3 a6 5. Qd2 Nd7 6. 0-0-0 b5 7. h4 h5 8. f3 Bb7 9. Nh3 Rc8 10. Ng5 c5 11. Kb1 Qc7 12. d5 Ngf6 13. Ne2 Ne5 14. Nf4 Qb6 15. Rh2 Rb8 16. Be2 Bc8 17. Rg1 Nc4 18. Bxc4 bxc4 19. c3 Qa5 20. Ka1 Nd7 21. g4 Nf6 22. gxh5 Nxh5 23. Ne2 Bf6 24. Qc2 Bd7 25. f4 Ng7 26. Nf3 Qc7 27. Rhg2 Kf8 28. Ng3 Bg4 29. Ng5 Rxh4 30. f5 Qd7 1/2-1/2

[Event "HUN-chT2 Toth 0910"]
[Site "Hungary"]
[Date "2009.11.08"]
[Round "1.3"]
[White "Blazsik, Zoltan"]
[Black "Borsos, Andor"]
[Result "0-1"]
[WhiteElo "2032"]
[BlackElo "2136"]
[PlyCount "120"]
[EventDate "2009.11.08"]
[EventType "team-tourn"]
[EventRounds "11"]
[EventCountry "HUN"]
[SourceTitle "EXT 2011"]
[Source "ChessBase"]
[SourceDate "2010.11.26"]
[SourceVersion "1"]
[SourceVersionDate "2010.11.26"]
[SourceQuality "1"]
[WhiteTeam "Maroczy II"]
[BlackTeam "Roszke"]
[WhiteTeamCountry "HUN"]
[BlackTeamCountry "HUN"]

1. d4 Nf6 2. c4 g6 3. g3 Bg7 4. Bg2 d6 5. Nc3 0-0 6. Nf3 Nbd7 7. 0-0 e5 8. dxe5 dxe5 9. Qc2 c6 10. Rd1 Qc7 11. b3 Re8 12. e4 Nc5 13. b4 Ne6 14. Bb2 a5 15. a3 axb4 16. axb4 Rxa1 17. Bxa1 Nd4 18. Nxd4 exd4 19. Rxd4 c5 20. Nb5 Qe7 21. bxc5 Qxc5 22. Bc3 Be6 23. Qa4 Ng4 24. Bb4 Qh5 25. h3 Nxf2 26. Kxf2 Bxd4+ 27. Nxd4 Rd8 28. Nxe6 fxe6 29. h4 Qe5 30. Qb3 Qd4+ 31. Qe3 Qxc4 32. Qb6 Rd7 33. Kg1 Qd4+ 34. Qxd4 Rxd4 35. Bc5 Rc4 36. Bd6 b5 37. Bf1 Rd4 38. e5 b4 39. Kf2 b3 40. Ba3 b2 41. Bxb2 Rd2+ 42. Kf3 Rxb2 43. g4 Rb4 44. Bd3 Kg7 45. Bc2 h6 46. Bd3 g5 47. hxg5 hxg5 48. Be2 Kf7 49. Ke3 Ke7 50. Kd3 Kd7 51. Bf3 Rb3+ 52. Ke4 Rxf3 53. Kxf3 Kc6 54. Ke4 Kc5 55. Ke3 Kd5 56. Kd3 Kxe5 57. Ke3 Kd5 58. Kd3 e5 59. Ke3 e4 60. Kf2 Kd4 0-1

[Event "HUN-chT2 Toth 0809"]
[Site "Hungary"]
[Date "2009.04.19"]
[Round "11.4"]
[White "Borsos, Andor"]
[Black "Diamant, Tibor"]
[Result "1/2-1/2"]
[WhiteElo "2142"]
[BlackElo "2138"]
[PlyCount "111"]
[EventDate "2008.10.26"]
[EventType "team-tourn"]
[EventRounds "11"]
[EventCountry "HUN"]
[SourceTitle "EXT 2010"]
[Source "ChessBase"]
[SourceDate "2010.11.25"]
[SourceVersion "1"]
[SourceVersionDate "2010.11.25"]
[SourceQuality "1"]
[WhiteTeam "Roszke"]
[BlackTeam "Mako II"]
[WhiteTeamCountry "HUN"]
[BlackTeamCountry "HUN"]

1. e4 c5 2. Nf3 Nc6 3. d4 cxd4 4. Nxd4 g6 5. Nc3 Bg7 6. Be3 Nf6 7. f3 0-0 8. Qd2 d5 9. 0-0-0 dxe4 10. Nxc6 Qxd2+ 11. Rxd2 bxc6 12. Nxe4 Nd5 13. Bg5 f6 14. c4 fxg5 15. cxd5 cxd5 16. Rxd5 Be6 17. Ra5 Rfc8+ 18. Kb1 g4 19. f4 Rab8 20. Rb5 Bf5 21. Bc4+ Kf8 22. Re1 Rxb5 23. Bxb5 Rb8 24. a4 a6 25. Bxa6 Rxb2+ 26. Kc1 Rb4 27. Bd3 Rxa4 28. Kd2 Ra2+ 29. Bc2 e5 30. fxe5 Bxe5 31. g3 Kg7 32. Re2 Bc7 33. Kd3 Bb6 34. Bb1 Bxe4+ 35. Rxe4 Rxh2 36. Rxg4 Kf6 37. Ke4 Rb2 38. Bd3 g5 39. Kd5 Rd2 40. Kc4 Ra2 41. Re4 h5 42. Kd5 Rd2 43. Kc4 Bc7 44. g4 h4 45. Re3 Bf4 46. Re1 Rg2 47. Be2 h3 48. Bf3 Rg3 49. Bd1 h2 50. Rh1 Rg1 51. Bf3 Ke5 52. Kd3 Bg3 53. Ke3 Kd6 54. Ke4 Ke6 55. Kd3 Ke5 56. Ke3 1/2-1/2

[Event "HUN-chT2 Toth 0809"]
[Site "Hungary"]
[Date "2009.04.05"]
[Round "10.6"]
[White "Gosztolya, Ferenc"]
[Black "Borsos, Andor"]
[Result "0-1"]
[WhiteElo "2119"]
[BlackElo "2142"]
[PlyCount "60"]
[EventDate "2008.10.26"]
[EventType "team-tourn"]
[EventRounds "11"]
[EventCountry "HUN"]
[SourceTitle "EXT 2010"]
[Source "ChessBase"]
[SourceDate "2010.11.25"]
[SourceVersion "1"]
[SourceVersionDate "2010.11.25"]
[SourceQuality "1"]
[WhiteTeam "Bekes"]
[BlackTeam "Roszke"]
[WhiteTeamCountry "HUN"]
[BlackTeamCountry "HUN"]

1. c4 f5 2. Nc3 g6 3. g3 Bg7 4. Bg2 e5 5. d3 c6 6. e4 d6 7. Nge2 Nf6 8. 0-0 Be6 9. Rb1 0-0 10. b3 Qd7 11. f3 Na6 12. a3 d5 13. Qc2 Rf7 14. Bb2 Raf8 15. Na2 d4 16. exf5 Bxf5 17. g4 Be6 18. Ng3 h5 19. h3 h4 20. Ne4 Nxe4 21. fxe4 Bxg4 22. Rxf7 Rxf7 23. hxg4 Qxg4 24. Qd1 Qg3 25. Qe1 Qxd3 26. Bf1 Qf3 27. Bc1 Qg4+ 28. Kh2 Rf3 29. Bg2 Rg3 30. b4 Rxg2+ 0-1

[Event "HUN-chT2 Toth 0809"]
[Site "Hungary"]
[Date "2009.02.22"]
[Round "8.5"]
[White "Borsos, Andor"]
[Black "Csuri, Laszlo"]
[Result "1/2-1/2"]
[WhiteElo "2142"]
[BlackElo "2072"]
[PlyCount "67"]
[EventDate "2008.10.26"]
[EventType "team-tourn"]
[EventRounds "11"]
[EventCountry "HUN"]
[SourceTitle "EXT 2010"]
[Source "ChessBase"]
[SourceDate "2010.11.25"]
[SourceVersion "1"]
[SourceVersionDate "2010.11.25"]
[SourceQuality "1"]
[WhiteTeam "Roszke"]
[BlackTeam "Vasarhelyi"]
[WhiteTeamCountry "HUN"]
[BlackTeamCountry "HUN"]

1. e4 c5 2. Nf3 Nc6 3. d4 cxd4 4. Nxd4 Nf6 5. Nc3 e5 6. Ndb5 d6 7. Bg5 a6 8. Bxf6 gxf6 9. Na3 b5 10. Nd5 Bg7 11. c3 Ne7 12. Nc2 f5 13. exf5 Nxd5 14. Qxd5 Bxf5 15. Ne3 Be6 16. Qc6+ Ke7 17. Rd1 Qd7 18. Nd5+ Bxd5 19. Qxd5 Rac8 20. Qf3 f5 21. g3 Qc6 22. Rd5 Rhf8 23. Bg2 e4 24. Qd1 Qc4 25. Rxd6 Rfd8 26. Rxd8 Rxd8 27. Qc1 b4 28. Bf1 Qxa2 29. cxb4 Bxb2 30. Qc5+ Rd6 31. Qc7+ Rd7 32. Qc5+ Rd6 33. Qc7+ Rd7 34. Qc5+ 1/2-1/2

[Event "HUN-chT2 Toth 0809"]
[Site "Hungary"]
[Date "2009.01.25"]
[Round "6.6"]
[White "Mike, Peter"]
[Black "Borsos, Andor"]
[Result "1-0"]
[WhiteElo "1986"]
[BlackElo "2142"]
[PlyCount "139"]
[EventDate "2008.10.26"]
[EventType "team-tourn"]
[EventRounds "11"]
[EventCountry "HUN"]
[SourceTitle "EXT 2010"]
[Source "ChessBase"]
[SourceDate "2010.11.25"]
[SourceVersion "1"]
[SourceVersionDate "2010.11.25"]
[SourceQuality "1"]
[WhiteTeam "Maroczy II"]
[BlackTeam "Roszke"]
[WhiteTeamCountry "HUN"]
[BlackTeamCountry "HUN"]

1. e4 e5 2. Nf3 Nc6 3. Bb5 a6 4. Ba4 Nf6 5. 0-0 Be7 6. Re1 b5 7. Bb3 0-0 8. c3 d5 9. exd5 Nxd5 10. Nxe5 Nxe5 11. Rxe5 c6 12. d3 Bd6 13. Re1 Qh4 14. g3 Qh3 15. Re4 Nf6 16. Rh4 Qf5 17. Bc2 Qg6 18. Nd2 Bf5 19. Nf1 Ng4 20. h3 Ne5 21. Ne3 Rad8 22. Nxf5 Qxf5 23. d4 Nf3+ 24. Kf1 Nxh4 25. Bxf5 Nxf5 26. Qf3 Ne7 27. Be3 Nd5 28. Re1 a5 29. Bd2 a4 30. b3 axb3 31. axb3 Rfe8 32. c4 Rxe1+ 33. Bxe1 bxc4 34. bxc4 Ne7 35. Qe4 Re8 36. Bc3 h6 37. Qg4 f5 38. Qf3 Rb8 39. Qe2 Kf7 40. Qa2 Bb4 41. Qa7 Bxc3 42. Qxb8 Bxd4 43. Qd6 Bf6 44. f4 h5 45. Ke2 Bc3 46. Kf3 g6 47. g4 hxg4+ 48. hxg4 fxg4+ 49. Kxg4 Bf6 50. Qd7 Bc3 51. Kf3 Bf6 52. Ke3 Bc3 53. Kd3 Bf6 54. Kc2 Bh4 55. Kc3 Bf2 56. Kb4 Kf6 57. Qd6+ Kf7 58. Ka5 Bg3 59. Qe5 Bh4 60. Kb6 Bf6 61. Qe4 Bc3 62. Kc7 Ke8 63. Kd6 Bf6 64. Ke6 Bc3 65. Qd3 Bb4 66. Qd7+ Kf8 67. Qd8+ Kg7 68. Qxe7+ Bxe7 69. Kxe7 c5 70. Ke6 1-0

[Event "HUN-chT2 Maroczy 0708"]
[Site "Hungary"]
[Date "2008.05.18"]
[Round "11"]
[White "Szilagyi, Tibor"]
[Black "Borsos, Andor"]
[Result "0-1"]
[WhiteElo "2087"]
[BlackElo "2143"]
[PlyCount "72"]
[EventDate "2007.10.14"]
[EventType "team"]
[EventRounds "11"]
[EventCountry "HUN"]
[SourceTitle "EXT 2009"]
[Source "ChessBase"]
[SourceDate "2008.11.26"]
[SourceVersion "1"]
[SourceVersionDate "2008.11.26"]
[SourceQuality "1"]
[WhiteTeam "Teva"]
[BlackTeam "Koszolg"]
[WhiteTeamCountry "HUN"]
[BlackTeamCountry "HUN"]

1. e4 e5 2. Nf3 Nc6 3. Bb5 a6 4. Ba4 Nf6 5. 0-0 Be7 6. Re1 b5 7. Bb3 0-0 8. a4 Bb7 9. c3 d6 10. d4 exd4 11. cxd4 Na5 12. Bc2 c5 13. Nbd2 Re8 14. Nf1 g6 15. Bg5 Nxe4 16. Bxe4 Bxg5 17. Bxb7 Rxe1 18. Qxe1 Nxb7 19. axb5 a5 20. Nxg5 Qxg5 21. Qe4 d5 22. Qc2 c4 23. Ne3 Nd6 24. b6 Ra6 25. b4 a4 26. Rxa4 Rxb6 27. h4 Qxh4 28. Nxd5 Rb5 29. Nc3 Rh5 30. Kf1 Qh1+ 31. Ke2 Qxg2 32. Nd1 Qg4+ 33. Kd2 Qxd4+ 34. Kc1 Rh1 35. b5 Nxb5 36. Rxc4 Rxd1+ 0-1

[Event "HUN-chT2 Maroczy 0607"]
[Site "Hungary"]
[Date "2007.05.06"]
[Round "10"]
[White "Borsos, Andor"]
[Black "Jacso, Adam"]
[Result "0-1"]
[WhiteElo "2171"]
[BlackElo "2142"]
[PlyCount "56"]
[EventDate "2006.11.12"]
[EventType "team"]
[EventRounds "11"]
[EventCountry "HUN"]
[SourceTitle "EXT 2008"]
[Source "ChessBase"]
[SourceDate "2007.11.25"]
[SourceVersion "1"]
[SourceVersionDate "2007.11.25"]
[SourceQuality "1"]
[WhiteTeam "Koeszolg"]
[BlackTeam "Matra"]
[WhiteTeamCountry "HUN"]
[BlackTeamCountry "HUN"]

1. e4 c5 2. Nf3 Nc6 3. d4 cxd4 4. Nxd4 Nf6 5. Nc3 e5 6. Ndb5 d6 7. Bg5 a6 8. Bxf6 gxf6 9. Na3 b5 10. Nd5 f5 11. Bd3 Be6 12. c3 Bg7 13. Qf3 Bxd5 14. exd5 e4 15. Qd1 Ne5 16. Bc2 Qg5 17. Qd2 Qxg2 18. 0-0-0 Nf3 19. Qe2 0-0 20. Kb1 Rab8 21. h4 Rfc8 22. h5 h6 23. Bb3 b4 24. cxb4 Rxb4 25. Qxa6 Rcb8 26. Qf1 Qg5 27. Nc4 Qf6 28. Qe2 Rxc4 0-1

[Event "HUN-chT2 Maroczy 0607"]
[Site "Hungary"]
[Date "2007.04.29"]
[Round "9"]
[White "Hevesi, Zoltan"]
[Black "Borsos, Andor"]
[Result "1/2-1/2"]
[WhiteElo "2170"]
[BlackElo "2171"]
[PlyCount "25"]
[EventDate "2006.11.12"]
[EventType "team"]
[EventRounds "11"]
[EventCountry "HUN"]
[SourceTitle "EXT 2008"]
[Source "ChessBase"]
[SourceDate "2007.11.25"]
[SourceVersion "1"]
[SourceVersionDate "2007.11.25"]
[SourceQuality "1"]
[WhiteTeam "Fuzesabony"]
[BlackTeam "Koeszolg"]
[WhiteTeamCountry "HUN"]
[BlackTeamCountry "HUN"]

1. d4 f5 2. Nf3 Nf6 3. c4 g6 4. Nc3 Bg7 5. g3 c6 6. Bg2 d6 7. 0-0 0-0 8. d5 e5 9. dxe6 Bxe6 10. b3 Ne4 11. Nxe4 fxe4 12. Nd4 Bf5 13. Nxf5 1/2-1/2

[Event "HUN-chT2 Maroczy 0607"]
[Site "Hungary"]
[Date "2006.12.03"]
[Round "3"]
[White "Borsos, Andor"]
[Black "Nagy, Kalman"]
[Result "1-0"]
[WhiteElo "2171"]
[BlackElo "2172"]
[PlyCount "51"]
[EventDate "2006.11.12"]
[EventType "team"]
[EventRounds "11"]
[EventCountry "HUN"]
[SourceTitle "EXT 2008"]
[Source "ChessBase"]
[SourceDate "2007.11.25"]
[SourceVersion "1"]
[SourceVersionDate "2007.11.25"]
[SourceQuality "1"]
[WhiteTeam "Koeszolg"]
[BlackTeam "Miskolc EMSE"]
[WhiteTeamCountry "HUN"]
[BlackTeamCountry "HUN"]

1. e4 e5 2. Nf3 Nc6 3. Bb5 d6 4. d4 Bd7 5. 0-0 exd4 6. Nxd4 g6 7. Nxc6 bxc6 8. Bc4 Bg7 9. f4 Ne7 10. f5 gxf5 11. exf5 Bf6 12. Bd3 Qb8 13. Qe2 Qb6+ 14. Be3 c5 15. c3 Bc6 16. Nd2 a5 17. Ne4 Bxe4 18. Bxe4 0-0-0 19. Rab1 d5 20. Bf3 d4 21. cxd4 cxd4 22. Bf2 Nd5 23. Qd3 Rhe8 24. Rfc1 Nb4 25. Qc4 Qa6 26. Qxc7# 1-0

[Event "HUN-chT2 Maroczy 0506"]
[Site "Hungary"]
[Date "2006.04.09"]
[Round "10"]
[White "Francsics, Endre"]
[Black "Borsos, Andor"]
[Result "1-0"]
[WhiteElo "2185"]
[BlackElo "2201"]
[PlyCount "87"]
[EventDate "2005.10.16"]
[EventType "team"]
[EventRounds "11"]
[EventCountry "HUN"]
[SourceTitle "EXT 2009"]
[Source "ChessBase"]
[SourceDate "2008.11.26"]
[SourceVersion "1"]
[SourceVersionDate "2008.11.26"]
[SourceQuality "1"]
[WhiteTeam "Dunaharaszti"]
[BlackTeam "Koszolg"]
[WhiteTeamCountry "HUN"]
[BlackTeamCountry "HUN"]

1. d3 e5 2. g3 g6 3. Bg2 Bg7 4. Nf3 d6 5. 0-0 f5 6. c4 Nf6 7. Qb3 Na6 8. Nc3 c6 9. Bd2 Qe7 10. Rad1 0-0 11. Qa3 h6 12. b4 Kh7 13. b5 Nc7 14. bxc6 bxc6 15. Nxe5 Qxe5 16. Bxc6 Bd7 17. Bxa8 Rxa8 18. Rb1 Bc6 19. Bf4 Qe8 20. Nb5 Ne6 21. e3 d5 22. Nd6 Qd7 23. c5 Nxf4 24. exf4 d4 25. Rfe1 Nd5 26. Rb2 Nc3 27. Qa5 Bf8 28. Qb4 Bg7 29. Qc4 Rf8 30. Qe6 Qd8 31. h4 Nd5 32. h5 Rf6 33. hxg6+ Kxg6 34. Qc8 Rxd6 35. Qxd8 Rxd8 36. Re6+ Kf7 37. Rxc6 Rd7 38. a4 Bf8 39. Kh2 Nc3 40. a5 Na4 41. Rb5 Nxc5 42. Rcxc5 Bxc5 43. Rxc5 h5 44. Rxf5+ 1-0

[Event "HUN-chT2 Toth 0405"]
[Site "Hungary"]
[Date "2004.11.21"]
[Round "3"]
[White "Borsos, Andor"]
[Black "Hajdu, Balazs"]
[Result "1-0"]
[WhiteElo "2206"]
[BlackElo "2179"]
[PlyCount "65"]
[EventDate "2004.09.26"]
[EventType "team"]
[EventRounds "11"]
[EventCountry "HUN"]
[SourceTitle "EXT 2009"]
[Source "ChessBase"]
[SourceDate "2008.11.26"]
[SourceVersion "1"]
[SourceVersionDate "2008.11.26"]
[SourceQuality "1"]
[WhiteTeam "Koszolg"]
[BlackTeam "Szentes"]
[WhiteTeamCountry "HUN"]
[BlackTeamCountry "HUN"]

1. e4 c6 2. d4 d5 3. e5 Bf5 4. Bd3 Bg6 5. f4 e6 6. Nf3 Nd7 7. 0-0 Bxd3 8. Qxd3 g6 9. b3 h5 10. Ng5 Ne7 11. h3 h4 12. c4 Nf5 13. Nc3 Nxd4 14. cxd5 cxd5 15. Kh2 Nf5 16. Nxd5 exd5 17. Qxd5 Qe7 18. Qxb7 Nb6 19. Qa6 Qb4 20. e6 f6 21. Qb7 Ne7 22. Ne4 Bg7 23. a4 Qxb3 24. Ba3 Qxe6 25. Nd6+ Kf8 26. a5 Kg8 27. axb6 Kh7 28. Rae1 Rhb8 29. Qxe7 Qb3 30. b7 Qxa3 31. bxa8Q Qg3+ 32. Kh1 Rxa8 33. Rf3 1-0

[Event "HUN-chT2 Toth 0405"]
[Site "Hungary"]
[Date "2004.09.26"]
[Round "1"]
[White "Borsos, Andor"]
[Black "Toth, Andras1111"]
[Result "1-0"]
[WhiteElo "2206"]
[BlackElo "2082"]
[PlyCount "105"]
[EventDate "2004.09.26"]
[EventType "team"]
[EventRounds "11"]
[EventCountry "HUN"]
[SourceTitle "EXT 2009"]
[Source "ChessBase"]
[SourceDate "2008.11.26"]
[SourceVersion "1"]
[SourceVersionDate "2008.11.26"]
[SourceQuality "1"]
[WhiteTeam "Koszolg"]
[BlackTeam "Bege"]
[WhiteTeamCountry "HUN"]
[BlackTeamCountry "HUN"]

1. e4 c5 2. Nf3 e6 3. d4 cxd4 4. Nxd4 a6 5. g3 Nf6 6. Bg2 Qc7 7. 0-0 d6 8. b3 Be7 9. c4 Nbd7 10. Bb2 Rb8 11. Nc3 b6 12. Rc1 Bb7 13. Ba3 Nc5 14. Qe2 0-0 15. g4 Qd8 16. Rfd1 Ne8 17. f4 g6 18. b4 Nd7 19. e5 Qc7 20. b5 a5 21. Bxb7 Rxb7 22. Nxe6 fxe6 23. exd6 Nxd6 24. Qxe6+ Rf7 25. Nd5 Nc5 26. Nxc7 Nxe6 27. Nxe6 Ne4 28. Bb2 Nc5 29. Nd8 Bxd8 30. Rxd8+ Rf8 31. Rxf8+ Kxf8 32. Ba3 Rc7 33. Re1 Kf7 34. Bxc5 Rxc5 35. Re4 Rc7 36. Kf2 Rd7 37. Ke3 Rd1 38. Rd4 Re1+ 39. Kf3 Rc1 40. Rd7+ Ke6 41. Rb7 Rc3+ 42. Ke2 Rxc4 43. Rxb6+ Kd5 44. f5 Rxg4 45. f6 Kc5 46. f7 Rf4 47. Rb7 Rf5 48. a4 g5 49. Rc7+ Kb6 50. Re7 Rf4 51. Ke3 Kc5 52. Re5+ Kb4 53. Re4+ 1-0